Biblioteca agropecuaria : tomo i

Guardado en:
Formato: Libro
Publicado: Colombia : Grupo Latino, s/f.
Series:Volvamos al campo
Materias:
Etiquetas: Agregar Etiqueta
Sin Etiquetas, Sea el primero en etiquetar este registro!
LEADER 00860nam a22002175a 4500
001 CEM.cems017762
005 20120316121534.0
008 130507b######################000#0#####d
003 CEMS
020 |a 9789588203171 
082 0 4 |a 630 
245 0 0 |a Biblioteca agropecuaria :  |b tomo i 
260 |a Colombia :  |b Grupo Latino, s/f. 
300 |a 645 p. 
490 0 |a Volvamos al campo 
505 0 |a Aves de corral -- Avestruces -- Cerdos -- Construcciones agropecuarias -- Cría, manejo e inseminación de conejos -- Explotación piscícola -- Inseminación de carinos, ovinos y aves de corral -- Inseminación de porcinos -- Producción avícola a la intemperie -- Sanidad animal 
653 |a Aves de corral 
653 |a Aveztruces 
653 |a Construcciones rurales 
653 |a Inseminación 
859 |a CEMS  |b BIB. CEMS - Agricultura  |h 630  |i B471  |p A1520.12  |t Ej.1  |v I  |3 I